[Event "Master Open"]
[Site "Voronezh"]
[Date "2017.06.19"]
[Round "7.35"]
[White "Chekletsov, Ilya"]
[Black "Vinogradov, Anatoly"]
[Result "0-1"]
[WhiteElo "2378"]
[BlackElo "2309"]
[Annotator ""]
[Source ""]
[Remark ""]

1.d4 e6 2.c4 Nf6 3.Nf3 d5 4.g3 dxc4 5.Bg2 a6 6.O-O Nc6 7.a4 Rb8
8.a5 b5 9.axb6 cxb6 10.Bf4 Bd6 11.Ne5 Ne7 12.Bc6+ Kf8 13.Bg2
Nfd5 14.Bd2 b5 15.e4 Nb4 16.Nxf7 Kxf7 17.e5 Nbd5 18.exd6 Qxd6
19.Nc3 Nxc3 20.Qf3+ Nf5 21.Bf4 Bb7 22.Qxc3 Qd7 23.Bxb8 Nxd4 24.Rfd1
Ne2+ 25.Kf1 Qxd1+ 26.Rxd1 Nxc3 27.Rd7+ Kf6 28.Rxb7 Na4 29.f4
Rxb8 30.Rxb8 Nxb2 31.Ke2 c3 32.Be4 h6 33.Bc2 g5 34.Bb3 gxf4 35.gxf4
Kf5 36.Rb6 Kxf4 37.Rxa6 e5 38.Rb6 e4 39.Rxb5 Nd3 40.Bc2 Nc1+
41.Kd1 0-1

[Event "Master Open"]
[Site "Voronezh"]
[Date "2017.06.19"]
[Round "7.36"]
[White "Shtyka, Sergey"]
[Black "Salemgareev, Tagir"]
[Result "0-1"]
[WhiteElo "2281"]
[BlackElo "2360"]
[Annotator ""]
[Source ""]
[Remark ""]

1.Nf3 c5 2.c4 Nf6 3.g3 g6 4.Bg2 Bg7 5.O-O O-O 6.Nc3 Nc6 7.d4
cxd4 8.Nxd4 Nxd4 9.Qxd4 d6 10.Qh4 a6 11.Bg5 Qa5 12.Nd5 Nxd5 13.Bxd5
e6 14.Bf3 Bxb2 15.Rab1 Be5 16.Rfd1 Qxa2 17.Rb6 f6 18.Bh6 Rd8
19.e3 Qa5 20.Rdb1 Rb8 21.Bxb7 Rd7 22.Qe4 d5 23.Bxc8 Rxb6 24.cxd5
Rxd5 25.Rc1 Rd8 26.Qg4 Kf7 27.e4 Qb5 28.Qh3 Rc6 0-1

[Event "Master Open"]
[Site "Voronezh"]
[Date "2017.06.19"]
[Round "7.37"]
[White "Raja, Harshit"]
[Black "Gasanov, Zaur"]
[Result "1/2-1/2"]
[WhiteElo "2350"]
[BlackElo "2264"]
[Annotator ""]
[Source ""]
[Remark ""]

1.e4 c6 2.Nf3 d5 3.Nc3 Nf6 4.e5 Ne4 5.Ne2 Qb6 6.d4 e6 7.Nfg1
f6 8.f3 Ng5 9.exf6 gxf6 10.f4 Nf7 11.Nf3 Bg7 12.Ng3 O-O 13.Nh5
e5 14.Nxg7 Kxg7 15.fxe5 fxe5 16.dxe5 Nxe5 17.Qd2 Ng4 18.Nd4 c5
19.Nf3 Re8+ 20.Be2 Ne3 21.Kf2 Qg6 22.Bf1 b6 23.b4 Ba6 24.bxc5
bxc5 25.Bb2+ d4 26.Nxd4 Ng4+ 27.Kg1 cxd4 28.Qxd4+ Nf6 29.h4 Bb7
30.h5 Qg5 31.Rh4 Qe3+ 32.Qxe3 Rxe3 33.Rg4+ Kf7 1/2-1/2

[Event "Master Open"]
[Site "Voronezh"]
[Date "2017.06.19"]
[Round "7.38"]
[White "Avalyan, Artur"]
[Black "Gurvich, Vitaly"]
[Result "1/2-1/2"]
[WhiteElo "2249"]
[BlackElo "2345"]
[Annotator ""]
[Source ""]
[Remark ""]

1.d4 Nf6 2.c4 e6 3.Nf3 b6 4.g3 Ba6 5.Qb3 Nc6 6.Nbd2 Na5 7.Qa4
c5 8.Bg2 Bb7 9.dxc5 bxc5 10.O-O Be7 11.Ne5 Bxg2 12.Kxg2 O-O 13.Ndf3
Qc7 14.Bd2 Nb7 15.Rfd1 Rfc8 16.Nd3 d6 17.Nf4 Ne4 18.Be3 Qc6 19.Qc2
Bf8 20.Kg1 Rab8 21.Nd2 Nxd2 22.Rxd2 a5 23.Rd3 Nd8 24.Bd2 Qc7
25.Bc3 Nc6 26.Qa4 Nb4 27.Rd2 Qc6 28.Qxc6 Nxc6 29.e3 Be7 30.Rad1
Rd8 31.Kg2 Kf8 32.Ne2 f6 33.f4 a4 34.Kf3 Kf7 35.g4 Rd7 36.f5
Ne5+ 37.Bxe5 fxe5 38.fxe6+ Kxe6 39.Nc3 Rb4 40.Nd5 Rxc4 41.Nb6
Rb4 42.Nxd7 Kxd7 43.e4 Ke6 44.Rc2 Rb8 45.Rd3 Rb4 46.Rdc3 Rb7
47.Rc4 Ra7 48.h3 Ra6 49.Ke2 Ra7 50.Kd3 a3 51.b4 cxb4 52.Rxb4 1/2-1/2

[Event "Master Open"]
[Site "Voronezh"]
[Date "2017.06.19"]
[Round "7.39"]
[White "Sergienko, Sergey"]
[Black "Kryukov, Denis V"]
[Result "1/2-1/2"]
[WhiteElo "2344"]
[BlackElo "2241"]
[Annotator ""]
[Source ""]
[Remark ""]

1.e4 c5 2.Nf3 e6 3.d3 Nc6 4.g3 g6 5.Bg2 Bg7 6.O-O Nge7 7.c3 O-O
8.Re1 d6 9.d4 cxd4 10.cxd4 Qb6 11.d5 Nd4 12.Nbd2 exd5 13.exd5
Nxd5 14.Nb3 Nxf3+ 15.Bxf3 Nb4 16.Be3 Qd8 17.Bd4 Nc6 18.Bxg7 Kxg7
19.Rc1 Ne5 20.Bd5 Bg4 21.Qd4 Qb6 22.f3 Bd7 23.Rc3 Rab8 24.Qxb6
axb6 25.Nd4 Rbc8 26.Bxb7 Rxc3 27.bxc3 Rb8 28.Bd5 Rc8 29.f4 Nd3
30.Re7 Be8 31.Rb7 Rxc3 32.Ne6+ Kg8 33.Rb8 fxe6 34.Rxe8+ Kf7 35.Rxe6
Nb4 36.Rxd6+ Nxd5 37.Rxd5 Rc2 38.Rd7+ Ke6 39.Rb7 Rxa2 40.Rxb6+
Kf5 41.h3 1/2-1/2

[Event "Master Open"]
[Site "Voronezh"]
[Date "2017.06.19"]
[Round "7.40"]
[White "Krivtsov, Alexander"]
[Black "Bryakin, Mikhail"]
[Result "0-1"]
[WhiteElo "2240"]
[BlackElo "2338"]
[Annotator ""]
[Source ""]
[Remark ""]

1.e4 c6 2.Nf3 d5 3.Nc3 dxe4 4.Nxe4 Bg4 5.Bc4 e6 6.h3 Bh5 7.O-O
Nd7 8.d4 Ngf6 9.Nxf6+ gxf6 10.Bf4 Nb6 11.Be2 Nd5 12.Bh2 Bd6 13.c4
Nf4 14.Bxf4 Bxf4 15.Qb3 Qb6 16.Qxb6 axb6 17.g3 Bc7 18.Kg2 Ke7
19.Rfd1 Rhd8 20.g4 Bg6 21.Bd3 Ra4 22.b3 Ra3 23.Bxg6 hxg6 24.h4
Rda8 25.Rd2 Rxb3 26.axb3 Rxa1 27.h5 Bf4 28.Re2 Ra3 29.hxg6 fxg6
30.d5 e5 31.dxc6 bxc6 32.g5 c5 33.gxf6+ Kxf6 34.Rb2 e4 35.Ng1
Kf5 36.Ne2 Be5 37.Rb1 Ra2 38.Kf1 Bd4 39.Ke1 g5 40.b4 Rc2 41.Nxd4+
cxd4 42.c5 b5 43.Ra1 Rc4 44.Ra8 d3 45.Rb8 Kf4 46.Rf8+ Ke5 47.Rg8
Kd4 48.Rxg5 Kc3 49.c6 Kc2 0-1

[Event "Master Open"]
[Site "Voronezh"]
[Date "2017.06.19"]
[Round "7.1"]
[White "Volkov, Sergey"]
[Black "Maiorov, Nikita"]
[Result "1-0"]
[WhiteElo "2615"]
[BlackElo "2521"]
[Annotator ""]
[Source ""]
[Remark ""]

1.d4 Nf6 2.c4 e6 3.Nc3 Bb4 4.f3 d5 5.a3 Be7 6.e4 dxe4 7.fxe4
e5 8.d5 Bc5 9.Nf3 Bg4 10.h3 Bxf3 11.Qxf3 Nbd7 12.Bd3 a5 13.Bd2
O-O 14.O-O-O Ne8 15.Kb1 Nd6 16.Rc1 c6 17.g4 Bd4 18.Ne2 Bc5 19.Rc3
Rc8 20.Rhc1 Qb6 21.g5 Qa7 22.h4 cxd5 23.exd5 Rfe8 24.Bf5 Rc7
25.Bxd7 Rxd7 26.h5 e4 27.Qh3 b6 28.g6 h6 29.Bf4 Rde7 30.Bxd6
Bxd6 31.Nd4 fxg6 32.hxg6 e3 33.Re1 Bf4 34.Ne6 Rxe6 35.dxe6 Qe7
36.Rcxe3 Bxe3 37.Qxe3 Qh4 38.e7 1-0

[Event "Master Open"]
[Site "Voronezh"]
[Date "2017.06.19"]
[Round "7.2"]
[White "Popov, Ivan"]
[Black "Pridorozhni, Aleksei"]
[Result "0-1"]
[WhiteElo "2619"]
[BlackElo "2540"]
[Annotator ""]
[Source ""]
[Remark ""]

1.e4 e5 2.Nf3 Nc6 3.Bc4 Bc5 4.c3 Nf6 5.d3 O-O 6.Nbd2 d5 7.exd5
Nxd5 8.Ne4 Bb6 9.O-O a6 10.Re1 Kh8 11.Bb3 f6 12.Ng3 Qd6 13.Qe2
Nde7 14.Ne4 Qd8 15.h3 Nf5 16.Nfd2 Qe8 17.Nc4 Ba7 18.Ne3 Nce7
19.Kh2 Ng6 20.Nxf5 Bxf5 21.Ng3 Bd7 22.Be3 Bxe3 23.fxe3 f5 24.Rf1
Qe7 25.Rae1 Nh4 26.Rf2 g6 27.Nf1 g5 28.Nd2 Rae8 29.g3 Ng6 30.Ref1
f4 31.g4 Bc6 32.e4 Rd8 33.Nf3 Kg7 34.d4 Rh8 35.Rg2 exd4 36.Nxd4
Qxe4 37.Qxe4 Bxe4 38.Ne6+ Kf6 39.Nxd8 Bxg2 40.Rd1 Bf3 0-1

[Event "Master Open"]
[Site "Voronezh"]
[Date "2017.06.19"]
[Round "7.3"]
[White "Ponkratov, Pavel"]
[Black "Mozharov, Mikhail"]
[Result "1-0"]
[WhiteElo "2595"]
[BlackElo "2536"]
[Annotator ""]
[Source ""]
[Remark ""]

1.e4 c5 2.Nf3 e6 3.d4 cxd4 4.Nxd4 Nc6 5.Nc3 a6 6.Be2 Qc7 7.O-O
Nf6 8.Be3 Be7 9.f4 d6 10.Kh1 O-O 11.Qe1 Nxd4 12.Bxd4 b5 13.a3
Bb7 14.Qg3 Rad8 15.Rae1 Rfe8 16.e5 dxe5 17.Bxe5 Qc8 18.Bd3 g6
19.Qh3 Nd7 20.a4 b4 21.Ne4 Bxe4 22.Rxe4 f5 23.Rc4 Qb7 24.Bd4
Nb6 25.Qe3 Nd5 26.Qxe6+ Kf8 27.Qe2 Bf6 28.Qf2 Qg7 29.h3 a5 30.Bxf6
Qxf6 31.Qc5+ Kg7 32.Qxa5 b3 33.Rf3 Qxb2 34.cxb3 Kh6 35.Kh2 Qxb3
36.Rd4 Qb7 37.Bb5 Nc7 38.Rxd8 Rxd8 39.Qe1 Qb8 40.Bc4 Re8 41.Qh4+
Kg7 42.Rd3 Qc8 43.Rd6 Ne6 44.Bb5 g5 45.Qe1 1-0

[Event "Master Open"]
[Site "Voronezh"]
[Date "2017.06.19"]
[Round "7.4"]
[White "Lintchevski, Daniil"]
[Black "Bocharov, Dmitry"]
[Result "1-0"]
[WhiteElo "2532"]
[BlackElo "2579"]
[Annotator ""]
[Source ""]
[Remark ""]

1.Nf3 g6 2.c4 Bg7 3.d4 d6 4.Nc3 e5 5.dxe5 dxe5 6.Qxd8+ Kxd8 7.Bd2
Be6 8.O-O-O Kc8 9.Ng5 Bxc4 10.b3 h6 11.bxc4 hxg5 12.Bxg5 f6 13.Bd2
Bh6 14.e3 f5 15.g4 Ne7 16.gxf5 gxf5 17.Nd5 Nxd5 18.cxd5 Nd7 19.Bc3
f4 20.e4 Bf8 21.h4 Bd6 22.Bh3 Kd8 23.Rdg1 Nf6 24.Bf5 Ke7 25.Rg7+
Kf8 26.Rg5 Ke7 27.Rg7+ Kf8 28.Rhg1 Ne8 29.R7g4 Rh6 30.Rg8+ Ke7
31.R1g6 Rxh4 32.Re6+ 1-0

[Event "Master Open"]
[Site "Voronezh"]
[Date "2017.06.19"]
[Round "7.5"]
[White "Kryakvin, Dmitry"]
[Black "Shyam, Sundar M."]
[Result "1/2-1/2"]
[WhiteElo "2572"]
[BlackElo "2535"]
[Annotator ""]
[Source ""]
[Remark ""]

1.d4 Nf6 2.c4 e6 3.Nf3 d5 4.Nc3 Bb4 5.Qb3 a5 6.Bg5 Nc6 7.a3 a4
8.Qc2 Bxc3+ 9.Qxc3 O-O 10.e3 Na5 11.cxd5 exd5 12.Bd3 Nb3 13.Rb1
c6 14.Bc2 h6 15.Bxf6 Qxf6 16.Bxb3 axb3 17.O-O Bh3 18.Ne1 Qg6
19.Rc1 Bg4 20.f3 Bf5 21.Qxb3 Rab8 22.Rc3 Rfe8 23.Qd1 Qg5 24.Qd2
h5 25.Qf2 h4 26.g4 hxg3 27.Qxg3 Qh6 28.Kh1 Rbd8 29.Rg1 Rd6 30.Qg5
Qxg5 31.Rxg5 g6 32.Ng2 Kg7 33.Kg1 Kf6 34.Rg3 Rh8 35.Rb3 Rd7 36.Nf4
Re7 37.Ne2 Rhe8 38.f4 Ke6 39.Rc3 Kd6 40.Nc1 b6 41.b4 Ra7 42.Rg2
Rea8 43.Ra2 Ra4 44.Kf1 Bc8 45.b5 cxb5 46.Rb3 Rc4 47.Nd3 Bf5 48.Rd2
Ra5 49.Ke2 f6 50.Rdb2 Bd7 51.Kd2 Rc8 52.Rc2 Rca8 53.Ra2 Ra4 54.Nb4
Rh8 55.Kc1 Raa8 56.Rc3 Rh6 57.Rg2 Rah8 58.Rcc2 Re8 59.Rg3 Rc8
60.Rxc8 Bxc8 61.Rg2 Bf5 62.Na2 Rh3 63.Kd2 Rh8 64.Kc3 Re8 65.Re2
Ra8 66.Kb2 Rh8 67.Nc3 Rh3 68.Nxb5+ Kc6 69.Nc3 Bd3 70.Rg2 Rxe3
71.Rg3 Rxg3 72.hxg3 Kd6 73.Nd1 g5 74.Kc3 Be2 75.Ne3 gxf4 76.gxf4
Bf3 77.Kb4 Kc6 78.a4 Be2 79.a5 bxa5+ 80.Kxa5 Bf3 81.Ka6 Be4 82.Ng4
f5 83.Ne5+ Kd6 84.Kb6 Bc2 85.Nc6 Be4 86.Na7 Bd3 87.Nb5+ Kd7 88.Kc5
Be4 89.Nd6 Kc7 90.Nb5+ Kd7 91.Nc3 Ke6 92.Kc6 Ke7 93.Nb5 Kf6 94.Kd6
Kg6 95.Ke6 Kh5 96.Nd6 Kh4 97.Kf6 Kh5 98.Nf7 Bd3 99.Ng5 Be4 100.Ke5
Kh4 101.Nh7 Kg4 102.Nf6+ Kf3 103.Ng8 Kf2 104.Nf6 Kg3 105.Nh5+
Kf3 106.Ng7 Kg4 107.Ne6 Kf3 108.Nf8 Kg3 109.Ng6 Kf3 110.Nh8 Kg3
111.Nf7 Kf3 112.Nd8 Kg3 113.Nc6 Kf3 114.Na7 Ke3 115.Nb5 Kf3 116.Nc3
Kg4 117.Na2 Kf3 118.Nb4 Ke3 119.Na6 Kf3 120.Nc5 Kg4 121.Ne6 Kf3
122.Kd6 Ke3 123.Ke7 Kf3 124.Kf6 Kg4 125.Ke5 Kf3 126.Ng5+ Kg4
127.Nf7 Kf3 128.Nh6 Ke3 129.Nxf5+ 1/2-1/2

[Event "Master Open"]
[Site "Voronezh"]
[Date "2017.06.19"]
[Round "7.6"]
[White "Chigaev, Maksim"]
[Black "Grishchenko, Sergey"]
[Result "1-0"]
[WhiteElo "2561"]
[BlackElo "2447"]
[Annotator ""]
[Source ""]
[Remark ""]

1.c4 e5 2.Nc3 Nf6 3.Nf3 Nc6 4.g3 d5 5.cxd5 Nxd5 6.Bg2 Nb6 7.O-O
Be6 8.a3 a5 9.d3 Be7 10.Be3 Nd5 11.Nxd5 Bxd5 12.Qa4 O-O 13.Rac1
Kh8 14.Qb5 f6 15.Nd2 Bxg2 16.Kxg2 Qc8 17.Nf3 Bd6 18.Rfd1 Ne7
19.Bc5 c6 20.Qa4 Qe6 21.Qe4 Nd5 22.d4 Rae8 23.dxe5 Bxc5 24.Rxc5
fxe5 25.Rxa5 Nf6 26.Qh4 e4 27.Ng5 Qb3 28.Rf5 h6 29.Rd6 Kg8 30.Rdxf6
Rxf6 31.Rxf6 gxf6 32.Nxe4 Kf8 33.Nxf6 Kf7 34.Qd4 Qe6 35.Ne4 Kg6
36.f3 Qd5 37.Qc3 Qd1 38.Qc4 Qd5 39.Qc2 Kg7 40.g4 h5 41.h3 hxg4
42.hxg4 Rd8 43.Qc3+ Qd4 44.Qb3 Rd7 45.Qe6 Rf7 46.Nd6 Rf8 47.Nf5+
Rxf5 48.gxf5 Qxb2 49.f6+ Qxf6 50.Qxf6+ Kxf6 51.f4 b5 52.e4 c5
53.Kf2 Ke6 54.Ke3 Kf6 55.Kd3 Ke6 56.Kc3 1-0

[Event "Master Open"]
[Site "Voronezh"]
[Date "2017.06.19"]
[Round "7.7"]
[White "Moiseenko, Vadim"]
[Black "Shaposhnikov, Evgeny"]
[Result "0-1"]
[WhiteElo "2528"]
[BlackElo "2557"]
[Annotator ""]
[Source ""]
[Remark ""]

1.d4 Nf6 2.Bf4 e6 3.e3 b6 4.Qf3 d5 5.Nc3 Bb4 6.Nge2 Bb7 7.O-O-O
O-O 8.g4 Nbd7 9.g5 Ne8 10.h4 f5 11.gxf6 Nexf6 12.a3 Bxc3 13.Nxc3
Qe7 14.Rg1 e5 15.dxe5 Nxe5 16.Qg3 Nh5 17.Bg5 Qe8 18.Qh3 Nf3 19.Rg4
Ne5 20.Rg2 c6 21.Be2 Bc8 22.Qh1 Kh8 23.e4 Bb7 24.Qh2 Nf3 25.Bxf3
Rxf3 26.Be3 dxe4 27.Rg5 c5 28.Re5 Qb8 29.Rh1 Ng3 30.Re7 Nxh1
31.Qxh1 Bc6 32.Qg2 Qf8 33.Rc7 Rc8 34.Rxa7 Rf7 35.Ra6 Rb8 36.h5
Qc8 37.Qg3 Rf3 38.Qd6 Rf6 39.Qg3 h6 40.Ra7 Rb7 41.Rxb7 Qxb7 42.Ne2
Be8 43.Qe5 Bf7 44.Nf4 Qc6 45.b4 cxb4 46.axb4 b5 47.Bd4 Qd6 48.Qxd6
Rxd6 49.c3 Ra6 50.Kd2 Ra1 51.c4 Ra2+ 52.Ke3 Bxc4 53.Kxe4 Kg8
54.Ng6 Ra3 55.Nf4 Rb3 56.Bc5 Kf7 57.Kf5 Rb1 58.f3 Rf1 59.Kg4
Bb3 60.Kg3 Bc4 61.Bd4 Rb1 62.Bc5 Rb3 63.Kg4 Be6+ 64.Kg3 Bd7 65.Ne2
Rb1 66.Nf4 Be8 67.Kg4 Kg8 68.Kg3 Rb3 69.Ne2 Bxh5 70.Nd4 Rd3 71.Nxb5
Rxf3+ 72.Kg2 Rb3 73.Nd4 Rb2+ 74.Kg3 Be8 75.Nf5 Bd7 0-1

[Event "Master Open"]
[Site "Voronezh"]
[Date "2017.06.19"]
[Round "7.8"]
[White "Nozdrachev, Leonid"]
[Black "Tran, Tuan Minh"]
[Result "0-1"]
[WhiteElo "2411"]
[BlackElo "2541"]
[Annotator ""]
[Source ""]
[Remark ""]

1.d4 Nf6 2.c4 e6 3.Nc3 Bb4 4.e3 b6 5.Nge2 Ne4 6.f3 Nxc3 7.Nxc3
Bxc3+ 8.bxc3 Nc6 9.Bd3 Qh4+ 10.g3 Qh3 11.Bf1 Qh5 12.e4 Ba6 13.Be2
Na5 14.Qa4 Bxc4 15.Bf4 Bxe2 16.Kxe2 f5 17.g4 fxg4 18.Rhg1 O-O
19.Bxc7 Rxf3 20.Qxd7 Qg6 0-1

[Event "Master Open"]
[Site "Voronezh"]
[Date "2017.06.19"]
[Round "7.9"]
[White "Grachev, Boris"]
[Black "Bakunts, Rafael"]
[Result "1-0"]
[WhiteElo "2648"]
[BlackElo "2397"]
[Annotator ""]
[Source ""]
[Remark ""]

1.d4 d5 2.c4 c6 3.Nf3 Nf6 4.e3 e6 5.Nbd2 Nbd7 6.b3 Bd6 7.Bb2
O-O 8.Bd3 b6 9.O-O Bb7 10.Qe2 Qe7 11.Rad1 Rad8 12.e4 dxe4 13.Nxe4
Nxe4 14.Qxe4 f5 15.Qe3 c5 16.Ng5 e5 17.d5 f4 18.Qh3 Qxg5 19.Qe6+
Kh8 20.Qxd6 e4 21.Bxe4 Rfe8 22.h4 Qxh4 23.Bf5 Nf6 24.g3 fxg3
25.Qxg3 Qh5 26.Qh3 Qxh3 27.Bxh3 Bc8 28.Bxc8 Rxc8 29.Bxf6 gxf6
30.Rfe1 Kg7 31.Kg2 Rxe1 32.Rxe1 Kf7 33.Kf3 h5 34.Rh1 Kg6 35.Kf4
Re8 36.d6 h4 37.Rd1 Kf7 38.d7 Rd8 39.Kf5 Ke7 40.f4 Rxd7 41.Re1+
Kf7 42.Rh1 Rd2 43.a4 Rd3 44.Rxh4 Rxb3 45.Rh7+ Kg8 46.Rxa7 Rc3
47.Kg6 Rg3+ 48.Kxf6 Rc3 49.Rg7+ Kf8 50.Rb7 Kg8 51.Kg6 Rg3+ 52.Kf5
Ra3 53.Kg6 Rg3+ 54.Kf6 Rc3 55.Rxb6 Rxc4 56.Kg6 Kf8 57.f5 Rg4+
58.Kf6 Kg8 59.a5 Ra4 60.a6 Kh7 61.Kg5 1-0

[Event "Master Open"]
[Site "Voronezh"]
[Date "2017.06.19"]
[Round "7.10"]
[White "Savchenko, Boris"]
[Black "Khanin, Semen"]
[Result "1/2-1/2"]
[WhiteElo "2639"]
[BlackElo "2436"]
[Annotator ""]
[Source ""]
[Remark ""]

1.Nf3 Nf6 2.c4 e6 3.g3 b6 4.Bg2 Bb7 5.O-O Be7 6.d4 O-O 7.Nc3
Ne4 8.Qc2 f5 9.Bf4 Nxc3 10.Qxc3 Bf6 11.Rfd1 d6 12.Rac1 Qe7 13.h4
Nd7 14.Qe3 a5 15.Ne5 Bxg2 16.Kxg2 dxe5 17.dxe5 Nxe5 18.Bxe5 Bxe5
19.Qxe5 f4 20.gxf4 Rf5 21.Qe4 Raf8 22.e3 Qxh4 23.Qxe6+ Kh8 24.Rd5
Qg4+ 25.Kf1 Rxf4 26.Qxg4 Rxg4 27.c5 Rb4 28.Rc2 c6 29.Re5 b5 30.Re6
Rc8 31.Rd2 h6 32.b3 a4 33.Rd3 Rh4 34.Ke2 Rh1 35.e4 Ra1 36.Rd2
Rc1 37.b4 a3 38.f4 Rc4 39.Rd3 Rc2+ 40.Rd2 Rc4 41.Ke3 Rxb4 42.Rd3
Rc4 43.Rxa3 Rxc5 44.e5 Rf8 45.Re7 Rc4 46.Raa7 Rfxf4 1/2-1/2

[Event "Master Open"]
[Site "Voronezh"]
[Date "2017.06.19"]
[Round "7.11"]
[White "Rychagov, Andrey"]
[Black "Ovchinnikov, Vsevolod"]
[Result "1/2-1/2"]
[WhiteElo "2556"]
[BlackElo "2325"]
[Annotator ""]
[Source ""]
[Remark ""]

1.d4 d5 2.c4 c6 3.Nf3 Nf6 4.Nc3 a6 5.c5 Bf5 6.Qb3 Ra7 7.Bf4 Nbd7
8.Nh4 Bg6 9.Nxg6 hxg6 10.Rd1 e5 11.dxe5 Nxc5 12.Qc2 Nfe4 13.g3
Nxc3 14.bxc3 b5 15.Bg2 Rd7 16.h4 Qa5 17.O-O Qa4 18.Qb1 Ne6 19.Bc1
Qg4 20.e4 d4 21.Rd3 c5 22.Bf3 Qh3 23.Bg2 Qg4 24.Bf3 Qh3 25.Bg2
Qg4 26.Bf3 Qh3 27.Bg2 Qg4 1/2-1/2

[Event "Master Open"]
[Site "Voronezh"]
[Date "2017.06.19"]
[Round "7.12"]
[White "Nihal, Sarin"]
[Black "Zontakh, Andrey"]
[Result "1-0"]
[WhiteElo "2454"]
[BlackElo "2528"]
[Annotator ""]
[Source ""]
[Remark ""]

1.e4 c5 2.Nf3 e6 3.d4 cxd4 4.Nxd4 a6 5.Bd3 Nf6 6.Qe2 d6 7.c4
g6 8.Nc3 Bg7 9.O-O O-O 10.Rd1 Nfd7 11.Nf3 Nc6 12.h3 Qc7 13.Bf4
Bxc3 14.bxc3 e5 15.Bh6 Rd8 16.Nh2 Nc5 17.Bg5 Rf8 18.Bh6 Re8 19.Nf1
Qe7 20.Be3 Ne6 21.Qd2 Qf6 22.Bb6 Nf4 23.Ne3 Qg5 24.Kh2 f5 25.Bf1
fxe4 26.Qxd6 Rf8 27.Nd5 Bf5 28.Be3 Rad8 29.Qc5 Qh5 30.Ne7+ Kf7
31.Rxd8 Rxd8 32.Nxc6 bxc6 33.Rb1 Rd1 34.Rb8 Ne6 35.Qa7+ Kf6 36.Re8
g5 37.Qe7+ Kg6 38.Rg8+ Kh6 39.Qf6+ Bg6 40.Be2 Qxe2 41.Rxg6+ 1-0

[Event "Master Open"]
[Site "Voronezh"]
[Date "2017.06.19"]
[Round "7.13"]
[White "Kozionov, Kirill"]
[Black "Yudin, Sergei"]
[Result "1/2-1/2"]
[WhiteElo "2437"]
[BlackElo "2522"]
[Annotator ""]
[Source ""]
[Remark ""]

1.d4 d5 2.c4 e6 3.Nf3 c6 4.Nc3 Nf6 5.Bg5 Be7 6.e3 Ne4 7.Nxe4
dxe4 8.Bxe7 Qxe7 9.Nd2 f5 10.c5 O-O 11.Nc4 Nd7 12.b4 b6 13.Be2
Ba6 14.O-O Bxc4 15.Bxc4 b5 16.Be2 Nf6 17.a4 a6 18.Ra3 Nd5 19.Qb3
Rac8 20.axb5 axb5 21.g3 Rfd8 22.Qb2 Ra8 23.Rfa1 Qb7 24.f3 Rxa3
25.Rxa3 Ra8 26.Qa1 Rxa3 27.Qxa3 exf3 28.Bxf3 Qd7 29.Kf2 Kf7 30.Qa5
Ne7 31.Qa2 Nd5 32.Qa5 Nf6 33.Qa8 1/2-1/2

[Event "Master Open"]
[Site "Voronezh"]
[Date "2017.06.19"]
[Round "7.14"]
[White "Elistratov, Semen"]
[Black "Paravyan, David"]
[Result "0-1"]
[WhiteElo "2403"]
[BlackElo "2521"]
[Annotator ""]
[Source ""]
[Remark ""]

1.e4 c5 2.Nf3 d6 3.d4 cxd4 4.Nxd4 Nf6 5.Nc3 a6 6.h3 h6 7.g4 b5
8.a4 b4 9.Nd5 e6 10.Nxf6+ Qxf6 11.Bg2 Bb7 12.Be3 Qd8 13.Qd2 Nd7
14.Nb3 a5 15.O-O-O Nb6 16.Bf1 Bc6 17.Nd4 Bxa4 18.b3 Bd7 19.Nb5
Nc8 20.e5 d5 21.f4 a4 22.Qd3 Be7 23.h4 axb3 24.cxb3 Ra5 25.Nd4
Ra2 26.f5 Qc7+ 27.Kb1 Qa5 28.Nc2 Na7 29.Bb6 Qxb6 30.Kxa2 Nb5
31.Kb2 O-O 32.Bg2 Rc8 33.g5 Rc3 34.Qe2 Qc7 35.Rd3 Na3 36.Nxa3
bxa3+ 37.Kb1 Bb5 38.Rxc3 Qxc3 39.Rh3 Qxh3 40.Bxh3 Bxe2 0-1

[Event "Master Open"]
[Site "Voronezh"]
[Date "2017.06.20"]
[Round "8.15"]
[White "Yudin, Sergei"]
[Black "Bakunts, Rafael"]
[Result "1-0"]
[WhiteElo "2522"]
[BlackElo "2397"]
[Annotator ""]
[Source ""]
[Remark ""]

1.e4 e5 2.Nf3 Nc6 3.Bc4 Bc5 4.c3 Nf6 5.d3 O-O 6.Bg5 h6 7.Bh4
Be7 8.Nbd2 d6 9.Bg3 Nh7 10.Nf1 Na5 11.Bb5 a6 12.Ba4 f5 13.exf5
Bxf5 14.Ne3 Bg6 15.d4 e4 16.Nd2 b5 17.Bc2 d5 18.O-O Nf6 19.a4
c5 20.dxc5 Bxc5 21.Nb3 Bxe3 22.fxe3 Nc4 23.Qd4 Nd6 24.axb5 Nxb5
25.Qb4 Qb6 26.Qc5 Qe6 27.Nd4 Nxd4 28.Qxd4 Be8 29.Bb3 Bb5 30.Rxf6
Qxf6 31.Bxd5+ Kh8 32.Qxf6 gxf6 33.Bxa8 Rxa8 34.b3 Bd3 35.c4 Kg7
36.Ra5 Ra7 37.Be1 Rb7 38.Ra3 Kg6 39.Bc3 Kg5 40.Rxa6 Rxb3 41.Bxf6+
Kh5 42.Bg7 Rb7 43.Rxh6+ Kg5 44.h4+ Kg4 45.Be5 Bxc4 46.Kh2 Rb3
47.Rg6+ Kxh4 48.g4 1-0

[Event "Master Open"]
[Site "Voronezh"]
[Date "2017.06.20"]
[Round "8.16"]
[White "Gavrilov, Alexei"]
[Black "Ovchinnikov, Vsevolod"]
[Result "1-0"]
[WhiteElo "2495"]
[BlackElo "2325"]
[Annotator ""]
[Source ""]
[Remark ""]

1.e4 e6 2.d4 d5 3.Nd2 Nf6 4.e5 Nfd7 5.f4 c5 6.c3 Nc6 7.Ngf3 cxd4
8.cxd4 Qb6 9.Nb3 a5 10.a4 Bb4+ 11.Kf2 f6 12.Be3 fxe5 13.fxe5
O-O 14.h4 Ne7 15.Bd3 Nf5 16.Qc2 Qc6 17.Bxf5 Rxf5 18.Rhc1 Qxc2+
19.Rxc2 Nb6 20.Bd2 Bxd2 21.Nbxd2 Bd7 22.b3 Bc6 23.Ke3 Nd7 24.Ne1
Kf8 25.Nd3 Ke7 26.Nf3 Rff8 27.Rac1 Rfc8 28.Nf4 Nf8 29.Nh5 Kf7
30.Kd2 Kg8 31.Nf4 Kf7 32.Rc3 h6 33.g4 Ke7 34.g5 hxg5 35.Nxg5
Bd7 36.Rxc8 Rxc8 37.Rg1 Be8 38.Nh7 Nxh7 39.Rxg7+ Bf7 40.Rxh7
Rg8 41.h5 Rg4 42.Ke3 Kf8 43.Kf3 Rg5 44.Rh6 Kg8 45.Nxe6 Rxh5 46.Rxh5
Bxh5+ 47.Ke3 Bd1 48.Nc5 b6 49.Kd2 Bg4 50.Na6 Kf7 51.Nc7 Bf3 52.Na8
Ke7 53.Nxb6 Kd8 54.Ke3 Be4 55.Nc4 Kc7 56.Nxa5 Kb6 57.Nc4+ dxc4
58.Kxe4 cxb3 59.Kd3 Ka5 1-0

[Event "Master Open"]
[Site "Voronezh"]
[Date "2017.06.20"]
[Round "8.17"]
[White "Peskov, Alexsey"]
[Black "Khegay, Dmitriy"]
[Result "1/2-1/2"]
[WhiteElo "2394"]
[BlackElo "2482"]
[Annotator ""]
[Source ""]
[Remark ""]

1.d4 Nf6 2.Nf3 e6 3.Bf4 c5 4.e3 Nc6 5.Nbd2 Be7 6.h3 O-O 7.c3
b6 8.Bd3 Bb7 9.O-O d6 10.Bh2 Re8 11.Qe2 Bf8 12.Rfd1 a6 13.a3
b5 14.dxc5 dxc5 15.c4 b4 16.Ne4 Nxe4 17.Bxe4 Qc8 18.Ng5 g6 19.Bc2
Ne7 20.Ne4 Bxe4 21.Bxe4 Ra7 22.axb4 cxb4 23.Be5 Nc6 24.Bf6 Bg7
25.Bxg7 Kxg7 26.Rd6 Ne7 27.Qd3 Kg8 28.Qd4 Qc7 29.Qb6 Rc8 30.b3
a5 31.Kf1 a4 32.Qxc7 Rcxc7 33.Rb6 f5 34.Bd3 axb3 35.Rb1 Rd7 36.Rxb3
Ra3 37.Rxa3 bxa3 38.Ke2 a2 39.Ra6 Nc6 40.Rxa2 Rxd3 41.Kxd3 Nb4+
42.Kc3 Nxa2+ 43.Kb3 Nc1+ 44.Kc2 Ne2 45.Kd2 Ng1 46.h4 Kf7 47.Ke1
Ke7 48.Kf1 Kd6 49.Kxg1 Kc5 50.Kf1 Kxc4 51.Ke2 Kc3 52.Kf3 e5 53.Ke2
h6 54.Ke1 Kd3 55.Kd1 g5 56.hxg5 hxg5 57.Ke1 f4 58.exf4 exf4 59.f3
Ke3 1/2-1/2

[Event "Master Open"]
[Site "Voronezh"]
[Date "2017.06.20"]
[Round "8.18"]
[White "Belyakov, Bogdan"]
[Black "Maltsevskaya, Aleksandra"]
[Result "1-0"]
[WhiteElo "2476"]
[BlackElo "2203"]
[Annotator ""]
[Source ""]
[Remark ""]

1.e4 c5 2.Nf3 Nc6 3.Nc3 e6 4.g3 a6 5.Bg2 Qc7 6.O-O Nf6 7.Re1
e5 8.Nd5 Qd8 9.c3 d6 10.d4 cxd4 11.cxd4 Bg4 12.dxe5 dxe5 13.Qb3
Bxf3 14.Qxb7 Na5 15.Nc7+ Kd7 16.Bh3+ Bg4 17.Bxg4+ Nxg4 18.Rd1+
Bd6 19.Rxd6+ Kxd6 20.Qb6+ Kd7 21.Nxa8 Qxa8 22.Bg5 Nc6 23.Qb3
Rf8 24.Qd5+ Kc7 25.Rc1 Nf6 26.Qxe5+ Kb7 27.Qd6 Rc8 28.Rc3 Rc7
29.Bf4 Ne8 30.Qd5 Nf6 31.Qb3+ Kc8 32.Bxc7 Nxe4 33.Re3 Nd4 34.Qxf7 1-0

[Event "Master Open"]
[Site "Voronezh"]
[Date "2017.06.20"]
[Round "8.19"]
[White "Rozum, Ivan"]
[Black "Gunchenko, Vadim"]
[Result "1-0"]
[WhiteElo "2599"]
[BlackElo "2199"]
[Annotator ""]
[Source ""]
[Remark ""]

1.Nf3 Nf6 2.c4 e6 3.g3 d5 4.d4 c6 5.Bg2 Nbd7 6.O-O Be7 7.Qd3
b6 8.Nc3 Ba6 9.b3 Rc8 10.e4 c5 11.exd5 exd5 12.Rd1 dxc4 13.bxc4
O-O 14.d5 Bd6 15.a4 Ne5 16.Nxe5 Bxe5 17.Ra2 Ne8 18.Nb5 Nd6 19.Re1
Qf6 20.h4 h6 21.Nxd6 Qxd6 22.Rae2 Bf6 23.Bh3 Ra8 24.Bf4 Qd8 25.d6
g5 26.hxg5 hxg5 27.Be5 Bxe5 28.Rxe5 Qf6 29.Qd5 Rfd8 30.d7 1-0

[Event "Master Open"]
[Site "Voronezh"]
[Date "2017.06.20"]
[Round "8.21"]
[White "Nesterov, Arseniy"]
[Black "Timofeev, Artyom"]
[Result "1/2-1/2"]
[WhiteElo "2382"]
[BlackElo "2561"]
[Annotator ""]
[Source ""]
[Remark ""]

1.d4 d5 2.c4 dxc4 3.Nf3 Nf6 4.e3 e6 5.Bxc4 c5 6.O-O a6 7.dxc5
Bxc5 8.Qxd8+ Kxd8 9.Nbd2 Ke7 10.Nb3 Bd6 11.Bd2 Nc6 12.Rfd1 b6
13.Nbd4 Nxd4 14.Nxd4 Bb7 15.Rac1 Rhc8 16.Be2 Rxc1 17.Rxc1 Rc8
18.Rxc8 Bxc8 19.Bf3 e5 20.Nc6+ Ke6 21.Nd8+ Ke7 22.Nc6+ Ke6 23.Nd8+
Ke7 24.Nc6+ Ke6 25.Nd8+ Ke7 1/2-1/2